| 000 | 01037nam a22002297a 4500 | ||
|---|---|---|---|
| 005 | 2011072000470.0 | ||
| 008 | 110720t xxu||||| |||| 00| 0 mar d | ||
| 010 | _aMAR-21095 | ||
| 020 |
_a9788174922977 _c160.00 |
||
| 035 | _aMR-13753 | ||
| 037 | _bDBAD/PUB | ||
| 040 |
_aDPL _bMR |
||
| 082 | _a891.467 | ||
| 100 |
_aकल्पना शुद्धवैशाख _929738 |
||
| 245 |
_aष्ट,ष्टष्ट आणि ष्ट / _bकल्पना शुद्धवैशाख |
||
| 246 |
_aShat,Shat Shat Ani Shat _bby Kalpana Shudhvashakha |
||
| 260 |
_aपुणे _bमधुराज पब्लिकेशन्स _c2011 |
||
| 270 |
_a251क,शनिवार पेठ _bपुणे _e411030 |
||
| 300 |
_a159पृ. _c22सेमी(अजिल्द) |
||
| 942 |
_2ddc _cMR _h891.467 _mकल्पना |
||
| 999 |
_c54116 _d54116 |
||